| 000 | 00674nam a2200217I 4500 | ||
|---|---|---|---|
| 008 | |||
| 049 | _aMAIN | ||
| 090 |
_aQR46 _bBIG |
||
| 100 | 1 | _aBigger, Joseph Warwick. | |
| 245 | 0 | 0 |
_aHandbook of bacteriology : _bfor students and practitioners of medicine/ _cJoseph W. Bigger. |
| 250 | _a5th ed. | ||
| 260 |
_aLondon : _bBaillière, Tindall and Cox, _c1943. |
||
| 300 |
_axvi, 466 p. : _bill. ; _c20 cm. |
||
| 650 | 0 | _aMedical bacteriology. | |
| 700 |
_aStewart, Frederick Stanley, _eeditor. |
||
| 907 |
_a.b10357087 _b24-04-15 _c24-04-15 |
||
| 003 | |||
| 005 | 20230120204152.0 | ||
| 040 | _cNUST | ||
| 942 |
_cBOOKS _kQR46 _mBIG |
||
| 999 |
_c118373 _d118373 |
||